MARC

LEADER 00000nam0a2200000 4500
001 140360
005 20231031142030.0
029 0 0 |a RU  |b 07-03  |c номенклатурный каталог 
035 |a (RuTPU)RU\TPU\book\152058 
035 |a RU\TPU\book\63994 
090 |a 140360 
100 |a 20040210d2006 k y0rusy50 ca 
101 0 |a rus 
102 |a RU 
105 |a a b 000zy 
200 1 |a Энергетическое оборудование для тепловых электростанций и промышленной энергетики  |e номенклатурный каталог 07-03  |f Институт промышленных каталогов 
210 |a Москва  |c ЦНИИТЭИтяжмаш  |d 2006 
215 |a 44 с.  |c ил. 
225 1 |a Каталог  |e номенклатурный каталог 
229 |a Изготовители: Сибэнергомаш, Бийский котельный завод, Красный котельщик, Дальэнергомаш, Кусинский машиностроительный завод, Перловский завод энергетического оборудования 
610 1 |a электроэнергетика 
610 1 |a котельно-вспомогательное оборудование 
610 1 |a механические топки 
610 1 |a горелки 
610 1 |a шнековые транспортеры 
610 1 |a подъемники 
610 1 |a решетки 
610 1 |a циклоны 
610 1 |a экономайзеры 
610 1 |a насосные агрегаты 
610 1 |a мазутное оборудование 
610 1 |a мазутоподготовка 
610 1 |a тягодутьевые машины 
610 1 |a дымососы 
610 1 |a вентиляторы 
610 1 |a номенклатурные каталоги 
610 1 |a 07-03 
610 1 |a промышленная энергетика 
610 1 |a ТЭС 
610 1 |a тепловые электрические станции 
675 |a 621.311.22.002.5(085)  |v 3 
675 |a 621.18(085)  |v 3 
712 0 2 |a Институт промышленных каталогов (Инпромкаталог)  |c (Москва)  |2 stltpush  |3 (RuTPU)RU\TPU\col\5845 
801 1 |a RU  |b 63413507  |c 20080627  |g PSBO 
801 2 |a RU  |b 63413507  |c 20221207  |g PSBO 
942 |c BK